The legend : Nelson Mandela (Record no. 35940)

MARC details
000 -LEADER
fixed length control field 00809nam a2200181Ia 4500
020 ## - INTERNATIONAL STANDARD BOOK NUMBER
ISBN 9789781429668
050 ## - CALL MARK
Classification number PR 9387 .A34/
100 ## - STATEMENT OF RESPONSIBILITY--MAIN AUTHOR NAME
Personal name Adeleke, D.
245 #4 - TITLE STATEMENT
Title The legend : Nelson Mandela
260 ## - PUBLICATION, DISTRIBUTION, ETC. (IMPRINT)
Place of publication Lagos
260 ## - PUBLICATION, DISTRIBUTION, ETC. (IMPRINT)
Name of publisher Lantern Books
260 ## - PUBLICATION, DISTRIBUTION, ETC. (IMPRINT)
Year of publication 2008
300 ## - PHYSICAL DESCRIPTION
Number of Pages 134 p
650 ## - SUBJECT ADDED ENTRY--TOPICAL TERM
Topical Term Mandela, Nelson, 1918- --Biography --Juvenile literature. Mandela, Nelson, 1918- --Political and social views --Juvenile literature. Presidents --South Africa --Biography --Juvenile literature. Political prisoners --South Africa --Biography --Juvenile literature. Civil rights workers --South Africa --Biography --Juvenile literature. Anti-apartheid movement --South Africa --Juvenile literature.
942 ## - ADDED ENTRY ELEMENTS (KOHA)
Koha item type Books
Holdings
Withdrawn status Lost status Source of classification or shelving scheme Damaged status Not for loan Permanent Location Current Location Date acquired Accession Number Price effective from Koha item type
    Library of Congress Classification     NILE UNIVERSITY OF NIGERIA - MAIN LIBRARY NILE UNIVERSITY OF NIGERIA - MAIN LIBRARY 04/23/2025 0001135 04/23/2025 Books